Rihanna Songs ! - Statistics

General Stats
  • This quiz has been taken 207 times
  • The average score is 12 of 15
Answers on the Grid
Answers color-coded by a green-red scale on the quiz's grid according to % correct below.
Kiss it better
Nuts
Teachers Pet
Diamonds
Again
Birds Of A Feather
Umbrella
2018
Stupid
Stay
We found love
Unthinkable
Pillowtalk
Adorn
Where have you been
Only girl
Disturbia
XO
Lift me up
Player's Prayer
Needed me
Love song
Don't stop the music
Ssweater weather
Open Arms
Run this town
Die with a Smile
Work
Prove it
LOYALTY
 
Answer Stats
Answer % Correct
Umbrella
94%
Diamonds
92%
Only girl
90%
We found love
87%
Disturbia
83%
Don't stop the music
83%
Needed me
82%
Where have you been
81%
Work
81%
Stay
80%
Kiss it better
77%
Lift me up
61%
Run this town
60%
Love song
51%
LOYALTY
50%
No matching quizzes found
Score Distribution
Percent of People with Each Score
Percentile by Number Answered
Your Score History
You have not taken this quiz